01180cam a22002651i 450000100060000000300080000600500170001400800410003102000250007203500190009704000230011604100190013908200280015824502120018626000570039830000250045549000600048050400410054065000370058171000480061883000680066694200120073499900170074695201510076370331BD-RjUL20211209082004.0760120s1974 au a b 100 0 eng  c$24.00 (U.S.) (v. 1) a(BD-RjUL)70545 aDLCcDLCdDLCbeng0 aengfrerusbeng00223a551.49028bISO 197410aIsotope techniques in groundwater hydrology, 1974 :bproceedings of a symposium organized by the International Atomic Energy Agency and held in Vienna, 11-15 March 1974 /cInternational Atomic Energy Agency. aVienna :bInternational Atomic Energy Agency,c1974. av. :bill. ;c24 cm.1 aProceedings series - International Atomic Energy Agency aIncludes bibliographical references. 0aGroundwaterxCongresses.92082632 aInternational Atomic Energy Agency.9153559 0aProceedings series (International Atomic Energy Agency)9200998 2ddccBK c70331d70331 00102ddc40718NFICaRUCLbRUCLcReadingd2010-02-01eAsiatic societyg0.00l0o551.49028 ISO V-1 1974r2017-04-17 00:00:00tC-1w2021-12-09yBK